| 000 | 01114aas a2200229 4500 | ||
|---|---|---|---|
| 999 |
_c4188 _d4188 |
||
| 003 | BR-BrBNA | ||
| 005 | 20230317234032.0 | ||
| 007 | ta | ||
| 008 | 230119b bl ||||| |||| 00| 0 por d | ||
| 035 | _a000485-5 | ||
| 040 |
_aBR-BrBNA _bEngSpaFre _cBR-BrBNA |
||
| 042 | _a023747-7 | ||
| 044 | _abl | ||
| 245 |
_aFAO Commodity Bulletin Series _cFood and Agriculture Organization of the United NationsOrganizacion de las Naciones Unidas para la Agricultura y la AlimentacionOrganization des Nations Unies pour l'Alimentation et l'Agriculture |
||
| 260 |
_aRome, IT _bFood and Agriculture Organization of the United Nations _c1949. Data final de publicação em 1972 _eIT |
||
| 270 | _aViale delle Terme di Caracalla; 00100 Roma, Italia | ||
| 310 | _aperiodicidade desconchecida | ||
| 505 | _a1949 (11,14,16,17); 1952 (20, [21]supl 1); 1953 (24); 1954 (25,26); 1956 (27); 1957 (28,29); 1960 (31); 1961 (32,33); 1962 (34,35); 1963 (36 pt1 pt2,37); 1964 (38); 1965 (40); 1966 (39,41); 1968 (42); 1969 (43-46); 1970 (47,48); 1971 (49,50); 1972 (51); | ||
| 650 | 1 | 2 | _gAGRICULTURA |
| 909 |
_a56 _bSergio Santos _c56 _dSergio Santos |
||
| 942 |
_cCR _2AGRIS |
||